000 00568nam a2200229Ia 4500
003 OSt
005 20220924145000.0
006 a|||||r|||| 00| 0
007 ta
008 220923b |||||||| |||| 00| 0 per d
024 _a325126
037 _cTextual
040 _aARTS
_cARTS
_bper
041 _2per
_aper
082 _aC4:7, 164J5.1
100 _aRoshan A. Au.
_9218840
245 0 _aPhysics thermodynamic
260 _c1955
650 _aPHYSICS
942 _hC4:7, 164J5.1
_cTEXL
_2CC
999 _c458825
_d458825